000
00299nam a2200121Ia 4500
008
191201s2015 xx 000 0 und d
100
_a
RANGANATHAM, M
245
0
_a
Security Analysis and Portfolio Management
260
_a
N. Delhi
_b
Pearson
_c
2015
300
_a
766
650
_a
NCFM
942
_2
ddc
_c
BK
999
_c
694
_d
694